Objective logical reasoning / (Record no. 147571)

MARC details
000 -LEADER
fixed length control field 00508nam a22001817a 4500
005 - DATE AND TIME OF LATEST TRANSACTION
control field 20171120141706.0
010 ## - LCCN (DPL NO)
LC control number ENG-121486
020 ## - INTERNATIONAL STANDARD BOOK NUMBER
International Standard Book Number 9789325995482
Terms of availability 240.00
035 ## - SYSTEM CONTROL NUMBER
System control number EN-105018
037 ## - SOURCE OF ACQUISITION
Source of stock number/acquisition DBAD/PUB
082 ## - DEWEY DECIMAL CLASSIFICATION NUMBER
Classification number 000
245 ## - TITLE STATEMENT
Title Objective logical reasoning /
260 ## - PUBLICATION, DISTRIBUTION, ETC. (IMPRINT)
Place of publication, distribution, etc New Delhi
Name of publisher, distributor, etc S. Chand and Company
Date of publication, distribution, etc 2014
270 ## - ADDRESS
Address Head Office-7361, Ram Nagar,
City New Delhi
Postal code 110055
300 ## - PHYSICAL DESCRIPTION
Extent iii,various pagies.
Dimensions 24cm(pbk)
700 ## - ADDED ENTRY--PERSONAL NAME
Personal name
942 ## - ADDED ENTRY ELEMENTS (KOHA)
Source of classification or shelving scheme Dewey Decimal Classification
Item type English Books
Classification part 000
Call number suffix OBJ
Holdings
Withdrawn status Lost status Not for loan Collection code Home library Current library Date acquired Source of acquisition Cost, normal purchase price Full call number Barcode Copy number Cost, replacement price Koha item type
      Non-fiction Ashok Vihar Ashok Vihar 20/11/2017 DBAD/PUB 240.00 000 OBJ EN-105018 1 240.00 English Books

© Delhi Public Library
Hit Counter
free hit counter